000 00882nas a2200277 4500
001 BR7305373
003 BR-BrBNA
005 20231205082524.0
007 ta
008 230509b bl.|||p| |||| 00| 00por d
040 _aBR-BrBNA
_bpor
_cBiblioteca Nacional de Agricultura
041 _a(Pt)
072 _aL30
100 1 _aCosta, C. de P.
100 1 _aGrandsire, C.
100 1 _aOliveira, B. de
245 1 _aNota previa do experimento substituicao do farelo de soja tostado pela caseina na alimentacao de frangos [Glycine max]
650 _aNUTRICAO ANIMAL
650 _aFRANGO
650 _aSOJA
650 _aFARELO
650 _aCASEINA
773 0 _tAnais da Escola de Agronomia e Veterinaria - Universidade Federal de Goias (Brazil)
_xISSN 0100-218X
_g(1975), v. 5(1) p. 107-110
_wBR7305373
909 _a202311
_bLúcia
_c55
_dLúcia Elande
942 _2AGRIS
_n0
_cANA
999 _c92506
_d92506